|
|
|
|
| LEADER |
00000nab a2200000 a 4500 |
| 001 |
vtls000358380 |
| 003 |
SK-MaSNL |
| 005 |
20260302223645.0 |
| 008 |
111201c1989 xo 0 slo |
| 015 |
|
|
|a SNBRB19rr/mm-uuuuu
|
| 035 |
|
|
|a CL0358502
|
| 040 |
|
|
|a SNKBUCL
|b slo
|c SNKBUCL
|e AACR2
|
| 041 |
0 |
|
|a slo
|
| 044 |
|
|
|a xo
|c SK
|
| 080 |
|
|
|a 331.88(100)(892):061.3
|2 1981
|
| 080 |
|
|
|a 061.3
|2 1981
|
| 100 |
1 |
|
|a Benčat, Valentín,
|d 1941-2019
|4 aut
|9 40207
|
| 245 |
1 |
0 |
|a Nádeje na demokratizáciu
|b K prvému zjazdu novej odborovej organizácie v Paraguaji
|c V. Benčať ; V. Benčat
|
| 650 |
0 |
7 |
|a Jednotná odborová organizácia pracujúcich Paraguaja
|2 snkbucl
|9 953650
|
| 655 |
|
7 |
|a články z novín a časopisov
|2 snkbucl
|9 267496
|
| 700 |
1 |
|
|a Benčat, Valentín,
|d 1941-2019
|4 aut
|9 40207
|
| 773 |
0 |
|
|t Práca
|g Roč. 44, č. 193 (17. 8. 1989), s. 3
|
| 850 |
|
|
|a Slovenská národná knižnica v Martine
|a MTA001
|
| 852 |
|
|
|a SNK
|b KIS3GCP
|
| 958 |
|
|
|a RK
|
| 992 |
|
|
|a RBX
|
| 999 |
|
|
|c 1521282
|d 1523212
|